| 000 | 00488 a2200169 4500 | ||
|---|---|---|---|
| 020 | _a1580536891 | ||
| 040 |
_aDLC _bDLC |
||
| 082 | 0 | 0 | _a621.3824 |
| 100 | 1 | _aMailloux, Robert J. | |
| 245 | 1 | 0 |
_aPhased array antenna handbook _cRobert J. Mailloux |
| 250 | _a2nd ed. | ||
| 260 |
_aBoston : _bArtech House, _c2005. |
||
| 300 |
_axv, 496 p. : _bill. ; _c26 cm. |
||
| 440 | 0 | _aArtech House antennas and propagation library | |
| 650 | 0 | _aPhased array antennas. | |
| 942 |
_cBK _k621.3824 MAI _2ddc |
||
| 999 |
_c8531 _d8531 |
||